Catálogo
 En Linea

Cultura política en América Latina / (Registro nro. 43348)

Detalles MARC
000 -CABECERA
campo de control de longitud fija 00725nam a2200205 a 4500
001 - NÚMERO DE CONTROL
campo de control 000043859
005 - FECHA Y HORA DE LA ÚLTIMA TRANSACCIÓN
campo de control 20201002045017.0
008 - DATOS DE LONGITUD FIJA--INFORMACIÓN GENERAL
campo de control de longitud fija 140507s1995 gw 000 0 spa d
020 ## - NÚMERO INTERNACIONAL ESTÁNDAR DEL LIBRO
ISBN cancelado o inválido 3775812782
040 ## - FUENTE DE LA CATALOGACIÓN
Centro catalogador/agencia de origen DO-SdBNP
Lengua de catalogación spa
Centro/agencia transcriptor BNPHU
082 ## - NÚMERO DE LA CLASIFICACIÓN DECIMAL DEWEY
Número de clasificación xxxx
Número de documento/Ítem xxxx
111 1# - ENTRADA PRINCIPAL--NOMBRE DE CONGRESO/REUNIÓN
Nombre de congreso/reunión o jurisdicción como elemento de entrada Simposio internacional
Número del congreso/reunión o número de parte o sección (2do:
Fecha del congreso/reunión 1992 jun. 10-13
Sede del congreso/Lugar de la reunión Cocoyoc, México)
9 (RLIN) 71728
245 10 - MENCIÓN DE TÍTULO
Título Cultura política en América Latina /
Mención de responsabilidad, etc. edición ; Josef Thesing; Konrad-Adenauer-Stiftung,.
260 ## - PUBLICACIÓN, DISTRIBUCIÓN, ETC.
Lugar de publicación, distribución, etc. Mainz :
Nombre del editor, distribuidor, etc. Hase und Koehler Verlag,
Fecha de publicación, distribución, etc. 1995.
300 ## - DESCRIPCIÓN FÍSICA
Extensión xxii, 194 ;
Dimensiones 21 cm.
490 1# - MENCIÓN DE SERIE
Mención de serie Edición en español
Designación de volumen o secuencia 16
500 ## - NOTA GENERAL
Nota general Politische Kultur in Lateinamerika.
700 12 - PUNTO DE ACCESO ADICIONAL--NOMBRE DE PERSONA
Nombre de persona Thesing, Josef
Término indicativo de función/relación ed.
9 (RLIN) 71729
830 #0 - PUNTO DE ACCESO ADICIONAL DE SERIE-TÍTULO UNIFORME
Título uniforme Edición en español
Número de parte o sección de la obra 16
9 (RLIN) 71730
Existencias
Estado de retiro Estado de pérdida Restricciones de uso No para préstamo Código de colección Localización permanente Ubicación/localización actual Ubicación en estantería Fecha de adquisición Número de inventario Total de préstamos Signatura topográfica completa Código de barras Fecha visto por última vez Precio válido a partir de Tipo de ítem Koha
      Excluido de préstamo Monografías: Libros y Folletos General General En catalogación 07.05.2014 LF1   xxxx xxxx 43859-10 25.06.2020 25.06.2020 No se presta

Con tecnología Koha